000 01521nam a2200409Ii 4500
001 DIGMETPES0052
003 NyNyDIG
007 cr |||||||||||
008 220610s2018 cl ob 000 0 spa d
006 m o d
035 _a(OCoLC)1088520880
040 _aDGITA
_beng
_erda
_epn
_cDGITA
020 _a9789569843518
_qeBook
_qePub
020 _z9789569843501
050 1 4 _aBH301.E58 ebook
100 1 _aAndermann, Jens,
_eauthor.
245 1 0 _aTierras en trance :
_barte y naturaleza después del paisaje /
_cJens Andermann.
264 1 _aSantiago de Chile :
_bEdiciones Metales Pesados,
_c[2018]
300 _a1 online resource.
336 _atext
_btxt
_2rdacontent
337 _acomputer
_bc
_2rdamedia
338 _aonline resource
_bcr
_2rdacarrier
347 _atext file
_2rdaft
347 _bPDF
504 _aIncludes bibliographical references.
588 0 _aOnline resource; title from PDF title page (Digitalia, viewed June 10, 2022).
650 0 _aAesthetics, Latin American.
650 0 _aArt and philosophy.
650 0 _aEnvironment (Aesthetics)
655 0 _aElectronic books.
791 2 _aDigitalia (Firm),
_edistributor.
793 0 _gDigitalia eBook Collection:
_aEdiciones Metales Pesados
776 0 8 _iPrint version:
_aAndermann, Jens.
_tTierras en trance.
_dSantiago de Chile : Ediciones Metales Pesados, [2018]
_z9789569843501
856 4 0 _3Digitalia Hispánica
_uhttps://www.digitaliapublishing.com/a/68855/
910 _aPremium collection: 2022
942 _cRAA
999 _c262765
_d262765